Balkan Countries - Sudden Death - Statistics

General Stats
  • This quiz has been taken 844 times
  • The average score is 8 of 11
Answers on the Grid
Answers color-coded by a green-red scale on the quiz's grid according to % correct below.
Greece
Turkey
Albania
Cyprus
Italy
Romania
Bulgaria
Serbia
Germany
United Kingdom
Israel
Ukraine
Russia
Croatia
Slovakia
North Macedonia
Bosnia and Herzegovina
Spain
Portugal
Egypt
Brazil
Kosovo
Montenegro
 
Answer Stats
Answer % Correct
Kosovo
84%
Serbia
84%
North Macedonia
83%
Croatia
82%
Bosnia and Herzegovina
81%
Montenegro
80%
Albania
78%
Bulgaria
76%
Greece
72%
Romania
66%
Turkey
47%
No matching quizzes found
Score Distribution
Percent of People with Each Score
Percentile by Number Answered
Your Score History
You have not taken this quiz